000 00263nam a2200109Ia 4500
005 20251222114409.0
008 251222s1900||||xx |||||||||||||| ||spa||
082 _aDVD0092/U61/2004
245 0 _aPor qué la iglesia
264 _bEl Centro Producciones
942 _cDVD
999 _c1942
_d1942